Logos des ligues de football - Statistiques

Statistiques générales
  • Ce quiz a été pris 1 118 fois
  • Le résultat moyen est 6 sur 16
Statistiques - réponses
Par images Réponse % Correct
Ligue 1
100%
Premier League
87%
Major League Soccer
85%
Bundesliga
72%
Serie A
66%
LaLiga
59%
Eredivisie
47%
Süper Lig
30%
Saudi Pro League
28%
Chinese Super League
11%
Liga MX
8%
Scottish Premiership
6%
Allsvenskan
4%
J1 League
3%
A-League Men
2%
Primeira Liga
0%
Aucun quiz correspondant
Distribution des résultats
% des personnes avec chaque résultat
Percentile par nombre de réponses
Votre historique - résultats
Vous n’avez pas pris ce quiz